000 00235nam a2200085Ia 4500
008 220204s9999 xx 000 0 und d
082 _a339.1(540)
_bREP
245 0 _aReport of Indian trade and economic delegation to Australia
942 _cBK
999 _c22191
_d22191